| Поле | Инд. | ПП | Название | Значение |
|---|---|---|---|---|
| Тип записи | a | |||
| Библиографический уровень | m | |||
| 001 | Контрольный номер | 31bd2fb64dd2470fb04c47c7ec165fcc | ||
| 005 | Дата корректировки | 20260527115533.5 | ||
| 020 | a | ISBN | 978-5-9925-1463-6 | |
| 041 | 0_ | a | Код языка текста | rus |
| 044 | a | Код страны публикации | RU | |
| 080 | a | Индекс УДК | 373 | |
| 097 | b | Оператор | *Ст* | |
| 097 | b | Оператор | *Ир* | |
| 100 | 1_ | a | Автор | Лебедева М.Б. |
| 245 | 10 | a | Заглавие | Индивидуальные исследовательские проекты. Технология организации деятельности. 10–11 классы |
| b | Продолж. заглавия | учебно-методическое пособие | ||
| b | Продолж. заглавия | в составе учебно-методического комплекса | ||
| 260 | a | Место издания | Санкт-Петербург | |
| b | Издательство | КАРО | ||
| c | Дата издания | 2024 | ||
| 300 | b | Иллюстрации/ тип воспроизводства | ил., табл. | |
| a | Объем | 112 с. | ||
| 440 | _0 | a | Серия | УМК-У |
| 516 | 8_ | a | Прим. о типе комп. файла/ данных | Текст : электронный |
| a | Прим. о типе комп. файла/ данных | Режим доступа: для авторизир. пользователей | ||
| a | Прим. о типе комп. файла/ данных | Дата обращения: 02.03.2026 | ||
| 520 | 0_ | a | Аннотация | В пособии рассмотрены подходы к организации проектной деятельности учащихся в 10–11 классах. Авторы показывают, как учащимся старшей школы перейти от групповой проектной работы к индивидуальному исследованию, спланировать индивидуальный исследовательский проект, описать его цели, задачи, результаты, сформулировать и доказать или опровергнуть гипотезу, осуществить основные этапы реализации проекта, получить планируемый продукт проектной деятельности. Цель пособия — представить технологию организации проектной деятельности, рассмотреть конкретные примеры организации проектной деятельности в старшей школе в соответствии с требованиями ФГОС, поэтому в книгу включены описания конкретных проектов. Издание адресовано учителям общеобразовательных школ, педагогам системы дополнительного профессионального образования и преподавателям высшей школы, методистам, студентам педагогических вузов и колледжей, руководителям образовательных учреждений. Пособие имеет электронное приложение с дополнительными иллюстративными материалами и методическими разработками. |
| 535 | 1_ | a | Хранилище | ЦОР IPR SMART |
| 583 | a | Действие | Приписка : УМК | |
| 653 | 0_ | a | Ключевые слова | СПО |
| 653 | 0_ | a | Ключевые слова | СОО |
| 653 | 0_ | a | Ключевые слова | Индивидуальные проекты |
| 653 | 0_ | a | Ключевые слова | Проектная деятельность |
| 655 | a | Жанр/ форма (устаревшее) | *У* | |
| 700 | 12 | a | Другие авторы | Соколова Е.А. |
| 773 | 18 | w | Контрольный № источника | 70ea9675ea574de49fa865f41a9cc588 |
| 856 | 4_ | u | URL | https://www.iprbookshop.ru/141680.html |
| 901 | t | Тип документа | m | |
| 905 | b | Дата создания записи обработка | 25.03.26 | |
| c | Дата приписки | 27.05.26 | ||
| 952 | a | Тип литературы для КСУ ВШ | *У2* | |
| e | Факультет | *СПО* | ||
| 990 | f | Даты поступлений (DOS) | 25.03.26 | |
| g | Размещение заказа (DOS) | ЦОР IPR SMART | ||
| h | N записи в КСУ для Б/У (DOS) | 1000/2026 | ||
| j | Количество экземпляров (DOS) | 1 |